000 00710cam a22002413a 4500
001 26212
003 PGUSA
005 20140828083550.0
008 080801s2008||||xxu|||||s|||||000 | eng d
040 _aPGUSA
_beng
042 _adc
050 4 _aQH
100 1 _aColmenero de Ledesma, Antonio
245 1 0 _aChocolate ;
_bor, An Indian Drinke
_h[electronic resource] /
_cAntonio Colmenero de Ledesma
260 _bProject Gutenberg,
_c2008
506 _aPublic domain in the USA.
516 _aElectronic text
653 _aChocolate -- Early works to 1800
700 1 _aWadsworth, James,
_d1604-
830 0 _aProject Gutenberg
_v26212
856 4 0 _uhttp://www.gutenberg.org/ebooks/26212
942 _cEB
999 _c255467
_d255467